Statistics for 2022 BAFTA Acting Nominees

Click here to take the quiz!

General Stats

  • This quiz has been taken 37 times
  • The average score is 11 of 24

Answer Stats

CategoryFilmActor% Correct
Best ActorThe Power of the DogBenedict Cumberbatch
94%
Best ActorKing RichardWill Smith
94%
Best ActressHouse of GucciLady Gaga
91%
Best ActorDon't Look UpLeonardo DiCaprio
84%
Best Supporting ActorBelfastCiarán Hinds
59%
Best Supporting ActressWest Side StoryAriana DeBose
56%
Best Supporting ActorThe Power of the DogJesse Plemons
50%
Best ActressLicorice PizzaAlana Haim
47%
Best Supporting ActressPassingRuth Negga
47%
Best ActorBoiling PointStephen Graham
47%
Best Supporting ActressThe Lost DaughterJessie Buckley
44%
Best Supporting ActorThe Power of the DogKodi Smit-McPhee
44%
Best ActressPassingTessa Thompson
44%
Best Supporting ActressKing RichardAunjanue Ellis
41%
Best ActressCodaEmilia Jones
38%
Best ActorSwan SongMahershala Ali
38%
Best Supporting ActorCodaTroy Kotsur
38%
Best ActressAfter LoveJoanna Scanlan
34%
Best Supporting ActressBelfastCaitríona Balfe
31%
Best Supporting ActressMassAnn Dowd
25%
Best Supporting ActorWest Side StoryMike Faist
22%
Best ActressThe Worst Person in the WorldRenate Reinsve
19%
Best ActorAli & AvaAdeel Akhtar
16%
Best Supporting ActorC'mon C'monWoody Norman
16%

Score Distribution

Percentile by Number Answered

Percent of People with Each Score

Your Score History

You have not taken this quiz